| 000 | 01451cad a22002415a 4500 | ||
|---|---|---|---|
| 001 | L145588 | ||
| 008 | 081024n2008 xxkab f s 000 0 eng d | ||
| 035 | _a(Sirsi) u145588 | ||
| 041 | 0 | _aeng | |
| 050 | 0 | 4 | _a333.33 $2 18 |
| 110 | 2 |
_aPrimelocation _95630 |
|
| 245 | 0 | 0 |
_aPrimelocation.com _bhouse price index _h[electronic resource] |
| 260 |
_aLondon _bPrimelocation _c2008 |
||
| 490 | 0 |
_aPrimelocation.com house price index _vAugust 2008 |
|
| 505 | 2 | _aPrime London sales -- Prime country sales -- Prime London lettings | |
| 520 | _aHousing market index compiled from the listings of the 2 000 plus members who advertise on this residential property portal. Focuses mainly on the prime market and features charts and statistics for a range of English districts. Statistics provided show a drop of 5.37% in residential prices in London for three consecutive months. Stock levels are 46% higher than last year and the prime country market has fallen after seven consecutive months of price increases. Authors suggest that this may indicate a prolonged downturn in markets that have so far proven very resistant to the current climate of recession. | ||
| 521 | _aAdvanced | ||
| 590 | _aKA | ||
| 651 | 4 |
_aEngland and Wales _y1543- |
|
| 690 | _aPROPERTY-RESIDENTIAL PROPERTY-RESIDENTIAL PROPERTY MARKET | ||
| 856 | 4 | 0 |
_uhttps://www.primelocation.com/house-price-index/ _zView the item free of charge online at www.primelocation.com... |
| 942 | _n0 | ||
| 999 |
_c108824 _d108824 |
||